Sाूकण्यापूर्वी (Record no. 338668)

MARC details
000 -LEADER
fixed length control field 00582nam a2200169Ia 4500
008 - FIXED-LENGTH DATA ELEMENTS--GENERAL INFORMATION
fixed length control field 090711s9999 xx 000 0 und d
082 ## - DEWEY DECIMAL CLASSIFICATION NUMBER
Item number 1632
100 ## - MAIN ENTRY--PERSONAL NAME
Personal name बर्वे राजेंद्र
245 ## - TITLE STATEMENT
Title Sाूकण्यापूर्वी
260 ## - PUBLICATION, DISTRIBUTION, ETC. (IMPRINT)
Name of publisher, distributor, etc मनोविकास प्रकाशन
Date of publication, distribution, etc 2000
300 ## - PHYSICAL DESCRIPTION
Extent 56
600 ## - SUBJECT ADDED ENTRY--PERSONAL NAME
Personal name बर्वे राजेंद्र
630 ## - SUBJECT ADDED ENTRY--UNIFORM TITLE
Uniform title Sाूकण्यापूर्वी
700 ## - ADDED ENTRY--PERSONAL NAME
Personal name बर्वे राजेंद्र
730 ## - ADDED ENTRY--UNIFORM TITLE
Uniform title Sाूकण्यापूर्वी
942 ## - ADDED ENTRY ELEMENTS (KOHA)
Koha item type Book

No items available.